[Event "POL-ch U17 Qual"]
[Site "Jastrzebia Gora"]
[Date "2021.11.18"]
[Round "6"]
[White "Szafranski, Maciej"]
[Black "Bekier, Piotr"]
[Result "0-1"]
[WhiteElo "1596"]
[BlackElo "1293"]
[PlyCount "100"]
[EventDate "2021.11.15"]
[EventType "swiss"]
[EventRounds "9"]
[EventCountry "POL"]
[SourceTitle "EXT 2023"]
[Source "ChessBase"]
[SourceDate "2022.10.05"]
[SourceVersion "1"]
[SourceVersionDate "2022.10.05"]
[SourceQuality "1"]

1. c4 g6 2. d3 f5 3. g3 Bg7 4. Bg2 e5 5. Nc3 Nc6 6. Nf3 Nf6 7. 0-0 0-0 8. Rb1 a5 9. a3 Qe7 10. e3 Rb8 11. Bd2 d6 12. b4 axb4 13. axb4 Be6 14. Ng5 Bd7 15. Nf3 h6 16. Qc2 Be6 17. Ne2 Bf7 18. b5 Nd8 19. Bb4 c6 20. bxc6 bxc6 21. Ba3 Ra8 22. Bb4 c5 23. Bc3 e4 24. dxe4 Nxe4 25. Bxg7 Kxg7 26. Nd2 Nxd2 27. Qxd2 Ra4 28. Ra1 Rxc4 29. Rfd1 Ne6 30. Nc3 Qd8 31. Nd5 h5 32. Bf1 Rg4 33. h3 Rg5 34. h4 Rg4 35. Bh3 Qxh4 36. Bxg4 Qxg4 37. Nf4 Nxf4 38. exf4 d5 39. Ra7 h4 40. Kg2 h3+ 41. Kh2 Qf3 42. Rg1 d4 43. Re7 Qd5 44. Qe2 Kg8 45. Kxh3 d3 46. Qd2 c4 47. Kh2 Rc8 48. Re3 Be6 49. Rc1 Rc7 50. Rxd3 Rh7+ 0-1